BIBLIOTHÈQUE DE LA MAISON DU MEXIQUE

Logo 1 Logo 2

Réussir sa thèse en sciences sociales (notice nᵒ 11350)

détails MARC
000 -Sello discográfico
campo de control de longitud fija 01026nam a2200313 4500
005 - Identificación de versión
campo de control 20251016082025.0
010 ## - Número Estándar Internacional de Libros (ISBN)
Número (ISBN) 2-09-191236-0
035 ## - Otros números de control del sistema
Número de control del sistema 8673
099 ## - fechas locales
Tipo de ítem Koha LIBRO
100 ## - Datos de procesamiento general
Datos de procesamiento general 20040513d2002 m y1spay5003 ba
105 ## - Campo de datos codificados: Material textual, monográfico
Datos codificados de monografía y 001zy
200 1# - Título y mención de responsabilidad
Título propio Réussir sa thèse en sciences sociales
Designación general del material texto impreso
Primer mención de responsabilidad Claudine Herzlich
Declaración de responsabilidad subsiguiente direction François de Singly
210 ## - Publicación, distribución, etc.
Lugar de publicación, distribución, etc. Paris
Nombre del editor, distribuidor, etc. Nathan
Fecha de publicación, distribución, etc. 2002
215 ## - Descripción física
Designación de material específico y extensión del ítem 121 p
Dimensiones 18 cm
345 ## - Nota de información de adquisición
Fuente de adquisición/dirección de la suscripción [OBSOLETO] Compra
410 #1 - Series
Título Collection 128
Nombre de parte o sección Sciences sociales
Número de volumen 277
606 ## - Término temático usado como materia
Elemento de entrada Informes
Subdivisión temática Redacción
Número Koha 601
606 ## - Término temático usado como materia
Elemento de entrada Tesis y disertaciones académicas
Subdivisión temática Metodología
-- Guías, manuales, etc
Número Koha 602
660 ## - Código de área geográfica
Código FR
700 ## - Nombre personal - Responsabilidad primaria
Elemento de entrada Herzlich
Parte del nombre distinta del elemento de entrada Claudine
Fechas 1932-
Número Koha 18018
702 ## - Nombre personal - Responsabilidad secundaria
Elemento de entrada Singly
Parte del nombre distinta del elemento de entrada François de
Fechas 1948-
Número Koha 18019
801 #0 - Fuente de origen
Agencia cm
900 ## -
-- 1/7410
900 ## -
-- 7100419175\130504
942 ## - ELEMENTOS DE ENTRADA SECUNDARIOS (KOHA)
Tipo de ítem Koha Livre
996 ## -
-- MEX
-- 751145101
-- MMAG
-- 003074
-- 808.06 H582R
-- 20201002LIV
Exemplaires
Estatus retirado Estado de daño Estado de pérdida Fecha de adquisición Biblioteca de origen Biblioteca actual Ubicación en estantería Código de barras Precio de reemplazo Signatura topográfica completa No para préstamo Tipo de ítem Koha Nota pública Nota no pública
      05/08/2025 Casa México Paris Casa México Paris   003074 05/08/2025 808.06 H582R   Livre 20201002LIV 751145101